Culture Générale - Série 103 - Statistiques

Statistiques générales
  • Ce quiz a été pris 696 fois
  • Le résultat moyen est 6 sur 10
Statistiques - réponses
Question Réponse % Correct
De quelle couleur est la bande supérieure du drapeau allemand ? Noire
97%
Quelle est la racine carrée du double de 8 ? 4
93%
Outre l'étoile, quel motif figure sur le drapeau algérien ? Croissant
78%
Selon la Bible, qui est le père d'Abel et Caïn ? Adam
59%
A quel groupe doit-on le tube "Message in a Bottle", en 1979 ? Police
59%
Quel sport pratique l'Américain Andy Roddick ? Tennis
58%
Avec quel poisson prépare-t-on les rollmops ? Hareng
46%
Dans quel pays se trouve aujourd'hui la Bohême ? République tchèque
41%
A quel chanteur doit-on les chansons "Dites-moi" et "Joueur de blues" ? Michel Jonasz
31%
De quelle actrice Liza Minelli est-elle la fille ? Judy Garland
16%
Aucun quiz correspondant
Distribution des résultats
% des personnes avec chaque résultat
Percentile par nombre de réponses
Votre historique - résultats
Vous n’avez pas pris ce quiz